000 00439nam a2200169Ia 4500
003 GCL
008 140319s9999 xx 000 0 ara d
040 _aGCL /
_cGCL
082 0 4 _a812.043
_bك ع
100 1 _aكامل الكفراوى
245 1 0 _aعروس النيل: مسرحية /
_cكامل الكفراوى
300 _a75 ص
490 _a
650 0 4 _aالادب العربى
650 0 4 _aمسرحيات
942 _2ddc
_cBK
999 _c40538
_d40538